Normal view MARC view
  • Project Supervisor's Brig. Dr. Javaid Iqbal Brig. Dr. Nasir Rashid

Entry Personal Name

Number of records used in: 1

001 - CONTROL NUMBER

  • control field: 73323

003 - CONTROL NUMBER IDENTIFIER

  • control field: NUST

005 - DATE AND TIME OF LATEST TRANSACTION

  • control field: 20210628205012.0

008 - FIXED-LENGTH DATA ELEMENTS

  • fixed length control field: 210628|| aca||aabn | a|a d

040 ## - CATALOGING SOURCE

  • Original cataloging agency: NUST
  • Transcribing agency: NUST

100 ## - HEADING--PERSONAL NAME

  • Personal name: Project Supervisor's Brig. Dr. Javaid Iqbal Brig. Dr. Nasir Rashid

670 ## - SOURCE DATA FOUND

  • Source citation: Work cat.: (NUST): Rana Muhammad Aziz. Zeeshan Ali. Haseeb Abdullah Mann. Muhammad Areeb Bari. 73322, PR-SOF-1969-Portable Power Drill For Digging and Solar Panel Cleaning Robot, 2020
© 2023 Central Library, National University of Sciences and Technology. All Rights Reserved.